<?xml version="1.0" encoding="UTF-8"?><?xml-stylesheet type="text/xsl" href="static/style.xsl"?><OAI-PMH xmlns="http://www.openarchives.org/OAI/2.0/" xmlns:xsi="http://www.w3.org/2001/XMLSchema-instance" xsi:schemaLocation="http://www.openarchives.org/OAI/2.0/ http://www.openarchives.org/OAI/2.0/OAI-PMH.xsd"><responseDate>2026-06-01T12:21:10Z</responseDate><request verb="GetRecord" identifier="oai:riuma.uma.es:10630/36603" metadataPrefix="marc">https://riuma.uma.es/rest/oai/request</request><GetRecord><record><header><identifier>oai:riuma.uma.es:10630/36603</identifier><datestamp>2026-02-03T11:17:48Z</datestamp><setSpec>com_10630_2254</setSpec><setSpec>col_10630_37953</setSpec></header><metadata><record xmlns="http://www.loc.gov/MARC21/slim" xmlns:dcterms="http://purl.org/dc/terms/" xmlns:doc="http://www.lyncode.com/xoai" xmlns:xsi="http://www.w3.org/2001/XMLSchema-instance" xsi:schemaLocation="http://www.loc.gov/MARC21/slim http://www.loc.gov/standards/marcxml/schema/MARC21slim.xsd">
   <leader>00925njm 22002777a 4500</leader>
   <datafield ind2=" " ind1=" " tag="042">
      <subfield code="a">dc</subfield>
   </datafield>
   <datafield ind2=" " ind1=" " tag="720">
      <subfield code="a">De Jesús, luiz Carlos</subfield>
      <subfield code="e">author</subfield>
   </datafield>
   <datafield ind2=" " ind1=" " tag="720">
      <subfield code="a">Fernández-Navarro, Francisco de Asís</subfield>
      <subfield code="e">author</subfield>
   </datafield>
   <datafield ind2=" " ind1=" " tag="720">
      <subfield code="a">Carbonero-Ruz, Mariano</subfield>
      <subfield code="e">author</subfield>
   </datafield>
   <datafield ind2=" " ind1=" " tag="260">
      <subfield code="c">2025-01-17</subfield>
   </datafield>
   <datafield ind2=" " ind1=" " tag="520">
      <subfield code="a">Topological data analysis (TDA) is increasingly acknowledged within financial markets for its capacity to manage&#xd;
complexity and discern nuanced patterns and structures. It has been applied effectively to uncover intricate relationships&#xd;
and capture non-linear dependencies inherent in market data. This manuscript presents a groundbreaking study that delves&#xd;
into integrating features derived from TDA to improve the performance of forecasting models for univariate time series&#xd;
prediction. The research specifically examines whether incorporating features extracted from TDA-such as entropy,&#xd;
amplitude, and the number of points obtained from persistent diagrams can provide valuable supplementary information to&#xd;
the baseline forecasting model. Thus, the aim is to determine if these TDA-derived features can boost forecasting accuracy&#xd;
by offering additional insights that existing models might overlook. The N-BEATS model serves as the baseline forecasting model due to its robust generalization capabilities and flexibility in incorporating additional features into the model.&#xd;
The proposed methodology is compared against a univariate N-BEATS model without additional features and other&#xd;
strategies incorporating supplementary features such as temporal decomposition and time delay embeddings. The evaluation includes forecasting for six cryptocurrencies across four distinct time scenarios and four traditional financial&#xd;
instruments across two scenarios each, resulting in 32 datasets. The results obtained were promising, as the proposed&#xd;
method, N - BEATS +TDA, achieved the best results in mean performance and mean ranking for the three metrics considered&#xd;
(MAPE, MAE, and RMSE). Significant differences were observed with the rest of the proposed methods using a significance level of a α = 0:10, highlighting the effectiveness of integrating TDA features to enhance forecasting models.</subfield>
   </datafield>
   <datafield ind1="8" ind2=" " tag="024">
      <subfield code="a">de Jesus, L.C., Fernández-Navarro, F. &amp; Carbonero-Ruz, M. Enhancing financial time series forecasting through topological data analysis. Neural Comput &amp; Applic (2025). https://doi.org/10.1007/s00521-024-10787-x</subfield>
   </datafield>
   <datafield ind1="8" ind2=" " tag="024">
      <subfield code="a">https://hdl.handle.net/10630/36603</subfield>
   </datafield>
   <datafield ind1="8" ind2=" " tag="024">
      <subfield code="a">10.1007/s00521-024-10787-x</subfield>
   </datafield>
   <datafield tag="653" ind2=" " ind1=" ">
      <subfield code="a">Análisis de datos</subfield>
   </datafield>
   <datafield ind2="0" ind1="0" tag="245">
      <subfield code="a">Enhancing financial time series forecasting through topological data analysis</subfield>
   </datafield>
</record>
</metadata></record></GetRecord></OAI-PMH>